000 00543nam a2200217Ia 4500
005 20251020182515.0
008 200515s9999 xx 000 0 und d
020 _a968-6210-07-5
082 _a658.56/R81
100 _aRomo, Abraham G.
245 0 _aSistema empresarial de mejora continua
260 _aMéxico, D.F.
260 _bColegio de Graduados en Alta Dirección
260 _c1987
300 _bil., tbls.
500 _a1 ejemplar
650 _aCALIDAD TOTAL
650 _aPLAN DE MEJORA
942 _cLIB
999 _c1564
_d1564